Statistics for Injustice : Gods among us mobile characters

Click here to take the quiz!

General Stats

  • This quiz has been taken 10 times
  • The average score is 43 of 145

Answer Stats

HintAnswer% Correct
1Batman
86%
1Sinestro
86%
1Superman
86%
1Ares
71%
1Batgirl
71%
1Black Adam
71%
1Green Lantern
71%
1Nightwing
71%
1Solomon Grundy
71%
1Wonder Woman
71%
1Aquaman
57%
1Bane
57%
1Catwoman
57%
1Cyborg
57%
1Deathstroke
57%
1Green Arrow
57%
1Harley Quinn
57%
1Killer Frost
57%
1Martian Manhunter
57%
1Raven
57%
8Reverse-Flash
57%
1Shazam
57%
1The Flash
57%
1The Joker
57%
1Arkham Knight (Arkham knight)
43%
11Batman (Blackest Night)
43%
1Doomsday
43%
1Hawkgirl
43%
1Killer Croc (Arkham)
43%
1Lex Luthor
43%
10Superman (Regime)
43%
1Zatanna
43%
2Zod
43%
4Aquaman (Flashpoint)
29%
5Bane (Arkham Origins)
29%
3Bane (Luchador)
29%
4Batman (Arkham Knight)
29%
3BatmanArkham Origins
29%
12Batman (Batman Ninja)
29%
6Batman (Beyond)
29%
10Batman (Flashpoint)
29%
2Batman (Insurgency)
29%
5Batman (Red Son)
29%
2Black Adam (Kahndaq)
29%
4Black Adam (Regime)
29%
2Catwoman (Ame-Comi)
29%
3Catwoman (Arkham Knight)
29%
4Catwoman (Batman Ninja)
29%
6Catwoman (Regime)
29%
2Cyborg (Regime)
29%
3Cyborg (Teen Titans)
29%
1Darkseid
29%
1Deadshot (Suicide Squad)
29%
3Deathstroke (Flashpoint)
29%
5Deathstroke (Insurgency)
29%
2Green Lantern (John Stewart)
29%
3Green Lantern (New 52)
29%
4Green Lantern (Red Son)
29%
5Green Lantern (Regime)
29%
7Hal Jordan (Red Lantern)
29%
8Hal Jordan (Yellow Lantern)
29%
3Harley Quinn (Arkham)
29%
4Harley Quinn (Arkham Knight)
29%
5Harley Quinn (Insurgency)
29%
6Harley Quinn (Suicide Squad)
29%
6Jessica Cruz (Rebirth)
29%
2Lex Luthor (Insurgency)
29%
7Lord Joker (Batman Ninja)
29%
2Martian Manhunter (Blackest Night)
29%
4Nightwing (Batman Ninja)
29%
3Nightwing (New 52)
29%
2Nightwing (Regime)
29%
3Raven (Rebirth)
29%
4Raven (Teen Titans)
29%
3Solomon Grundy (Red Son)
29%
4Solomon Grundy (Regime)
29%
2Superman (Blackest Night)
29%
6Superman (Man Of Steel)
29%
7Superman (New 52)
29%
5The Flash (Blackest Night)
29%
7The Flash (Metahuman)
29%
3The Flash (New 52)
29%
4The Flash (Regime)
29%
5The Joker (Insurgency)
29%
4The Joker (Suicide Squad)
29%
3The Joker Unhinged (Suicide Squad)
29%
9Wally West (Rebirth)
29%
2Wonder Woman (600)
29%
4Wonder Woman (New 52)
29%
5Wonder Woman (Red Son)
29%
6Wonder Woman (Regime)
29%
3Aquaman (Injustice 2)
14%
2Aquaman (Regime)
14%
2Bane (Knightfall)
14%
4Bane (Regime)
14%
2Batgirl (Arkham Knight)
14%
3Batgirl (Cassandra Cain)
14%
7Batman Beyond (Animated)
14%
8Batman (Dawn Of Justice)
14%
9Batman (Gaslight)
14%
3Black Adam (New 52)
14%
5Catwoman (Batman Returns)
14%
2Darkseid (Apokolips)
14%
2Deadshot (Arkham Origins)
14%
2Deathstroke (Arkham Origins)
14%
4Deathstroke (Red Son)
14%
2Doomsday (Blackest Night)
14%
3Doomsday (Regime)
14%
1General Zod (Man Of Steel)
14%
2Green Arrow (Arrow)
14%
3Green Arrow (Insurgency)
14%
4Green Arrow (Rebirth)
14%
2Harley Quinn (Animated)
14%
4Hawkgirl (Blackest Night)
14%
3Hawkgirl (Earth-2)
14%
2Hawkgirl (Regime)
14%
2Killer Frost (Regime)
14%
3Lex Luthor (Krypto)
14%
1Lobo
14%
2Raven (Regime)
14%
1Scorpion (Klassic)
14%
2Scorpion (Mortal Kombat)
14%
3Scorpion (Mortal Kombat X)
14%
2Shazam (New 52)
14%
3Sinestro (Green Lantern)
14%
4Sinestro (Regime)
14%
2Solomon Grundy (Boss)
14%
5Solomon Grundy (Earth-2)
14%
3Superman (Dawn Of Justice)
14%
4Superman (Godfall)
14%
5Superman (Injustice 2)
14%
8Superman (Prison)
14%
9Superman (Red Son)
14%
8The Batman Who Laughs (Metal)
14%
6The Flash (Earth-2)
14%
2The Flash (Elseworld)
14%
2The Joker (Arkham Origins)
14%
6The Joker (Killing Joke)
14%
3The Merciless (Metal)
14%
3Wonder Woman (Dawn Of Justice)
14%
2Ares (Boss)
0%
4Doomsday (Confinement)
0%
2Lobo (Bounty Hunter)
0%
2Sinestro (Antimatter)
0%
1Static
0%

Score Distribution

Percentile by Number Answered

Percent of People with Each Score

Your Score History

You have not taken this quiz